00522nam a2200181Ia 4500003000900000008004100009020001800050040001600068080002200084100001500106245007400121260004200195300001400237650004100251650001800292650001200310650001800322IN-BaIIA211028s9999 xx 000 0 eng d a90-277-1280-8 cIIA Library a082.2:52bIAU-S95 aSieber, W. 0aPulsarscW. Sieber  aDordrechtbD. Reidel Publishingc1981 axv, 475p. aAstronomy and Astrophysics thesaurus aNeutron stars aPulsars aRadio sources